1197 1654 1616 1263 1033 1277 1914 1641 1472 1426 1838 1862 1738 1529 1342 1995 1537 1032 1291 1178 1921 1075 1414 1139 1788 1036 1152 1263 1254 1014 1759 1135 1657 1449 1464 1272 1083 1218 1065 1383 1924 1477 1317 1966 1533 1167 1990 1588 1471 1594 1665 1319 1213 1245 1896 1131 1048 1897 1349 1937 1843 1173 1407 1478 1798 1813 1938 1210 1670 1430 1083 1386 1169 1497 1143 1401 1538 1819 1335 1823 1368 1595 1767 1456 1260 1002 1447 1475 1670 1135 1405 1800 1111 1888 1915 1580 1346 1588 1981 BCNSPRNW ULIB Ver.6.0+V

เปลี่ยนเป็นภาษาไทย

Change to English
 แสดงรายละเอียดบรรณานุกรม
  กลับหน้าหลัก

Brief Record : Get Marc (ISO 2709) : E-mail record : QR code < ปิดหน้าต่าง
LEADER : 00000nam 2200000uu 4500
001    13399123905
003     ULIB
008    141214s2552||||th 000 0 tha d
020    ^a9789749510346 ล.1
060  4 ^aWE250^bฉ235ต ล.1
100 0  ^aฉัตรเลิศ พงษ์ไชยกุล
245 00 ^aตำราโรคกระดูกพรุน 1 =^bTextbook of osteoporosis /^cฉัตรเลิศ พงษ์ไชยกุล ;บรรณาธิการ
246 31 ^aTextbook of osteoporosis
250    ^aพิมพ์ครั้งที่ 1
260    ^aกรุงเทพฯ :^bโฮลิสติก พับลิชชิ่ง,^c2552
300    ^a564 หน้า :^bภาพประกอบ;^c27ซม.
650  7 ^aกระดูกพรุน^xการรักษา
650  7 ^aกระดูกพรุน, โรค^xการวินิจฉัย
650  7 ^aกระดูกพรุน, โรค^xการรักษา
650  7 ^aกระดูกพรุน^xการวินิจฉัย
710 1  มหาวิทยาลัยขอนแก่น.^bคณะแพทยศาสตร์.^bภาควิชาอายุรศาสตร์.
945    ^p1^l0^i22586
999    ^aทศพร เกษรทอง
รายการนี้ยังไม่มีแท็ก
คุณยังไม่ได้ล็อกอิน คุณสามารถมีกิจกรรมร่วมกับเว็บไซต์ได้ แต่ต้องล็อกอินก่อน ::
  ล็อกอิน

รายการสื่อสารสนเทศ

ลำดับที่ ประเภท เลขเรียก/บาร์โค้ด สถานที่ สถานะ
- ไม่พบข้อมูล -

รายการใกล้เคียง
    ผู้แต่ง [ฉัตรเลิศ พงษ์ไชยกุล]

BibComment


ยังไม่เคยถูกคอมเมนท์

คอมเมนท์ทรัพยากรรายการนี้
  คอมเมนท์: ตำราโรคกระดูกพรุ..


 Copyright 2026. Bcnsprnw @Library